Dow 30 Tinkter Names - Statistics

General Stats
  • This quiz has been taken 8 times
  • The average score is 17 of 30
Answer Stats
Hint Answer % Correct
Apple Inc. AAPL
100%
Amgen Inc. AMGN
67%
The Boeing Company BA
67%
Caterpillar Inc. CAT
67%
Dow Inc. DOW
67%
The Home Depot, Inc. HD
67%
International Business Machines Corporation IBM
67%
Johnson & Johnson JNJ
67%
JPMorgan Chase & Co. JPM
67%
The Coca-Cola Company KO
67%
McDonald's Corporation MCD
67%
3M Company MMM
67%
Microsoft Corporation MSFT
67%
Nike, Inc NKE
67%
The Procter & Gamble Company PG
67%
Visa Inc. V
67%
Verizon Communications Inc. VZ
67%
Walgreens Boots Alliance, Inc. WBA
67%
Walmart Inc. WMT
67%
American Express Company AXP
33%
salesforce.com, inc CRM
33%
Cisco Systems, Inc CSCO
33%
Chevron Corporation CVX
33%
The Walt Disney Company DIS
33%
The Goldman Sachs Group, Inc. GS
33%
Honeywell International Inc. HON
33%
Intel Corporation INTC
33%
Merck & Co. , Inc MRK
33%
The Travelers Companies, Inc. TRV
33%
United Health Group Incorporated UNH
33%
No matching quizzes found
Score Distribution
Percent of People with Each Score
Percentile by Number Answered
Your Score History
You have not taken this quiz